| 000 | 00765nam a2200217 a 4500 | ||
|---|---|---|---|
| 001 | 000023041 | ||
| 005 | 20200930021941.0 | ||
| 008 | 101125s1955 sp r 001 f spa d | ||
| 040 |
_aDO-SdBNP _bspa _cBNPHU |
||
| 082 |
_a843.7 _aS825ó |
||
| 100 | 1 |
_aStendhal _q(Henri Beyle) _d1783-1842 _913782 |
|
| 245 | 1 | 0 |
_aObras completas / _cStendhal ; traducción y prólogo de Consuelo Berges. |
| 260 |
_aMadrid : _bAguilar, _c1955. |
||
| 300 |
_a4 v. ; _c18 cm. |
||
| 504 | _aIncluye referencias bibliográficas y notas al pie de las páginas. | ||
| 500 | _aLa biblioteca posee los tomos 1 y 4. | ||
| 650 | 4 |
_aNovela francesas _xColecciones _947410 |
|
| 650 | 4 |
_aLitreratura francesa _ySIGLO XIX _947411 |
|
| 700 | 1 |
_aBerges, Consuelo, _etr _epról. _913601 |
|
| 049 | _aBNGR | ||
| 999 |
_c22538 _d22538 |
||